000 00927nam a2200265Ia 4500
003 OSt
005 20220930093027.0
006 a|||||r|||| 00| 0
007 ta
008 220926b |||||||| |||| 00| 0 eng d
024 _a28395
037 _cTheses
040 _aCRL
_cCRL
_beng
041 _2eng
_aeng
100 _aSingh Malkeet
_9550418
110 _aUinversity of Delhi. Faculty of Arts. Library and information Science
_9550419
245 0 _aAwareness and use of web 2.0 technologies in Indian institute of technology (iit) and indian institute of management (iim) libraries in India
_b a study
260 _c2014
300 _axii, 307
_ap.
_ccm.
650 _aTECHNOLOGY - INDIA
_9550420
700 _a Singh K. P. Gu.
_9550421
700 _aUinversity of Delhi. Faculty of Arts. Library and information Science
_9550422
942 _cDIS
_2CC
999 _c884688
_d884688